000 00191 a2200097 4500
020 _a9781335135643
041 _aeng
100 _aHelm, Nicole
245 _aSouth dakota showdown
942 _cBK
999 _c31088
_d31086